| 000 | 01121nam a2200205Ia 4500 | ||
|---|---|---|---|
| 003 | Ost | ||
| 005 | 20260507075135.0 | ||
| 008 | 260507s9999||||xx |||||||||||||| ||und|| | ||
| 040 | _cfsecg | ||
| 041 | _aara | ||
| 082 | _a330 | ||
| 100 |
_aالفارس، عبد الرزاق _eمؤلف |
||
| 245 | 0 |
_aالحكومة والفقراء والإنفاق : _bدراسة لظاهرة عجز الموازنة وآثارها الإقتصادية والإجتماعية في البلدان العربية / _c عبد الرزاق الفارس |
|
| 260 |
_aبيروت: _bمركز دراسات الوحدة العربية, _c1997 |
||
| 300 |
_a208 صفحة؛ _bإيضاحات ؛ _c24 سم |
||
| 520 | _aمجال السياسة المالية ودورها في الإقتصاد- الانفاق العام في البلدان العربية- الإيرادات العامة- عجز الموازنة- الآثار الإقتصادية لعجز الموازنة العامة- الحكومة والفقراء. | ||
| 653 | _aالسياسة المالية- الميزانية | ||
| 653 | _aالعجز المالي | ||
| 942 | _cكتاب | ||
| 999 |
_c43260 _d43260 |
||